| 000 | 00776nam a22002537a 4500 | ||
|---|---|---|---|
| 005 | 20170124110216.0 | ||
| 010 | _aA-159307 | ||
| 020 | _c00.00 | ||
| 035 | _aA-159307 | ||
| 037 | _bCen Lib/Ret | ||
| 040 |
_aDPL _bEN |
||
| 082 |
_a882.08 _bBRA |
||
| 100 |
_aBradley, A. C. _939050 |
||
| 245 |
_aShakespearean tragedy : _cby A. C. Bradley _blectures on Hamlet, Othello, King Lear, Macbeth / |
||
| 246 | _b | ||
| 250 | _a2nd ed | ||
| 260 |
_bMacmillan _c1918 _aLondon |
||
| 270 | _bLondon | ||
| 300 |
_axi,498p. _c22cm(Hb) |
||
| 500 | _aIncludes index | ||
| 650 |
_aShakespeare, William, -- 1564-1616 -- Tragedies _939051 |
||
| 650 |
_aShakespeare, William, -- 1564-1616 -- Criticism and interpretation _923534 |
||
| 942 |
_2ddc _cEN _h882.08 _mBRA |
||
| 999 |
_c133836 _d133836 |
||